Normal view
MARC view
- 1-Management
Entry Topical Term
001 - CONTROL NUMBER
- control field: 128702
003 - CONTROL NUMBER IDENTIFIER
- control field: NUST
005 - DATE AND TIME OF LATEST TRANSACTION
- control field: 20250416144837.0
008 - FIXED-LENGTH DATA ELEMENTS
- fixed length control field: 250416|| aca||aabn | a|a d
040 ## - CATALOGING SOURCE
- Original cataloging agency: NUST
- Transcribing agency: NUST
150 ## - HEADING--TOPICAL TERM
- Topical term or geographic name entry element: 1-Management
670 ## - SOURCE DATA FOUND
- Source citation: Work cat.: (NUST): Deresky, Helen 128701, International management: managing across borders and cultures/, 2018.
